000 01471cam a2200445 4500
008 020402n2003 000 0 eng u
020 _a1842191314
035 _a(Sirsi) u121044
041 _aeng.
050 _a306.1094
_c18
100 _aBall, Michael
245 _aRICS European housing review 2003
_h[electronic resource]
260 _aLondon
_bRICS
_c2003
300 _a123p.
_c31cm.
520 _aProvides a detailed analysis of 14 European housing markets including the UK. Surveys the trends and issues currently dominating residential property in Europe and offers invaluable guidance to potential investors in this market sector. View at www.rics.org.
650 _aEUROPE
650 _aAUSTRIA
650 _aBELGIUM
650 _aDENMARK
650 _aFINLAND
650 _aFRANCE
650 _aGERMANY
650 _aGREECE
650 _aIRELAND
650 _aITALY
650 _aNETHERLANDS
650 _aSPAIN
650 _aSWEDEN
650 _aSWITZERLAND
650 _aUNITED KINGDOM
650 _aFINANCE SYSTEMS
650 _aDEMAND AND SUPPLY
650 _aMARKET CONDITIONS
650 _aRESIDENTIAL PROPERTY
_96266
650 _aANNUAL REVIEW OF EUROPEAN HOUSING
650 _aRICS
690 _aPROPERTY-RESIDENTIAL PROPERTY-RESIDENTIAL PROPERTY MARKET
856 _uhttps://www.rics.org/site/download_feed.aspx?fileID=7280&fileExtension=PDF
_vView the report on the www.rics.org website.
942 _n0
999 _c102611
_d102611